000 00478nam a2200181Ia 4500
003 GCL
008 140319s9999 xx 000 0 ara d
040 _aGCL /
_cGCL
082 0 4 _a813.03
_bر و
100 1 _aروفايل، بيار
245 1 0 _aفى مهب الريح /
_cروفايل، بيار
260 _a[S.N] :
_bدار الجيل ،
_c1990
300 _a360 ص
490 _a
650 0 4 _aالقصص العربية
650 0 4 _aلبنان
942 _2ddc
_cBK
999 _c56112
_d56112